| 000 | 01635nam a22004215a 4500 | ||
|---|---|---|---|
| 006 | m||||fr||z| 00| 0 | ||
| 008 | 150823t2007 xxua|||frb||| 001 0 eng d | ||
| 010 | _a 2005058381 | ||
| 020 | _a0073270644 (DVD) | ||
| 020 | _a9780073270647 (DVD) | ||
| 020 | _a9780071106986 | ||
| 020 | _a0071106987 | ||
| 020 | _a9780071102421 | ||
| 020 | _a0071102426 | ||
| 035 | _a(OCoLC)ocm62534015 | ||
| 040 |
_aEG-ScBuE _beng _cEG-ScBuE |
||
| 082 | 0 | 4 |
_a346.7307 _bBUS _222 |
| 245 | 0 | 0 |
_aBusiness law : _bthe ethical, global, and e-commerce environment / _cJane P. Mallor ... [et al.]. |
| 250 | _a13th ed.,International ed. | ||
| 260 |
_aBoston : _bMcGraw-Hill/Irwin, _cc.2007. |
||
| 300 |
_a(various pagings) : _bill. ; _c27 cm. + _e2 DVD-ROMs (4 3/4 in.) |
||
| 500 | _aDVD-ROMs titled: You be the judge. | ||
| 500 | _aIncludes index. | ||
| 500 | _aIncludes glossary | ||
| 504 | _aIncludes bibliographical references and index. | ||
| 590 | _ayassmeen ashraf | ||
| 650 | 0 |
_aCommercial law _zUnited States _vCases. _2BUEsh |
|
| 650 | 0 |
_aBusiness law _zUnited States _vCases. _2BUEsh |
|
| 650 | 0 |
_aCommercial law _zUnited States. _2BUEsh |
|
| 650 | 0 |
_aBusiness law _zUnited States. _2BUEsh |
|
| 651 | _2BUEsh | ||
| 653 |
_bBUSADM _cAugust2015 |
||
| 700 | 1 | _aMallor, Jane P. | |
| 856 | 4 | 1 |
_3Table of contents only _uhttp://www.loc.gov/catdir/enhancements/fy0665/2005058381-t.html |
| 856 | 4 | 1 |
_3Publisher description _uhttp://www.loc.gov/catdir/enhancements/fy0665/2005058381-d.html |
| 856 | 4 | 1 |
_3Contributor biographical information _uhttp://www.loc.gov/catdir/enhancements/fy0737/2005058381-b.html |
| 942 |
_cBB _k346.7307 BUS _2ddc |
||
| 999 |
_c8709 _d8709 |
||